000 00511nam a2200181Ia 4500
999 _c30128
_d30128
003 OSt
005 20201221101709.0
008 190216s9999||||xx |||||||||||||| ||und||
022 _28177480219
040 _coclc
082 _a894.8121
_bKUM/C
100 _aKumaranasan
_97703
245 0 _aChinthavishtayaya Seetha /
_cKumaranasan
260 _bUniversity Of Calicut,
_c2001.
_aCalicut:
300 _a88p
650 _aMalayalam
942 _cBK
_2ddc
_h894.8121
_iKUM/C
_k894.8121
_mKUM/C